|
|
|
|
| LEADER |
00000cam a2200000 a 4500 |
| 001 |
74746 |
| 005 |
20230308162915.0 |
| 008 |
000000|1987 ||||||||r|||||||||||spa|| |
| 020 |
|
|
|a 8426704433
|
| 040 |
|
|
|b spa
|
| 041 |
1 |
|
|a spa
|
| 082 |
0 |
|
|a 621.388
|
| 100 |
1 |
|
|a Grob, Bernard
|9 37560
|
| 245 |
1 |
1 |
|a Televisión práctica: fundamentos y reparación
|c Bernard Grob
|h imp
|
| 250 |
|
|
|a 2. ed.
|
| 264 |
|
|
|a Barcelona
|b Marcombo
|c 1987
|
| 300 |
|
|
|a xvii; 711 páginas:
|b ilu
|c 24 cm
|
| 504 |
|
|
|a incl. ref.
|
| 650 |
1 |
0 |
|a Televisión
|9 9986
|
| 852 |
|
|
|a UC-CDJBV
|c SEGUNDO PISO
|f Compra
|k abcd
|l 1
|m General
|p 00000000
|q 33993.00
|r 2
|t 74746
|b 0
|d CDRC
|e CDRC
|g 621.388 SEGUNDO PISO
|z 0000-00-00
|
| 942 |
|
|
|c BK
|
| 999 |
|
|
|c 19774
|d 19774
|